00753 2200181 4500245006800000020002200068250001100090100001900101700001500120650001700135005001900152260004000171041001400211084001100225300002600236500030000262336000900562 aTravel Agent b : Seri Wirausahawan MudacShanti WahyunihText a978-602-8823-56-2 aCet. 1 aShanti Wahyuni aAdi Asmara aWirausahawan a20240506081654 aJakartabBinamuda Ciptakreasic2013 aIndonesia a338.04 avi, 60 hlm. :c25 cm. aKita akan membahas bagaimana cara merintis usaha ini dan bagaimana medan usaha yang akan dihadapi. Selain itu ,kita juga akan mengetahui bagaimana cara mendirikan usaha serta cara ,mendapatkan perizinan, bagaimana mengembangkan usaha, dan masih banyak lagi.Semuanya akan dibahas dalam buku ini. atext